000 00557ntaaa2200193 4500
003 01
005 20251027202223.0
008 0714s1973 ag 01
040 _aAR-BaBN
_bspa
_cAR-BaBN
_eaacr
_dRIC
082 _a268.0000 L91
245 _aOrientation in religious education
250 _a1 ed.
260 _aNew York :
_bAbingdon Press,
_cc1950
300 _a618 p
500 _aA comprehensive survey of accomplishments, objectives, principles and methods
650 _aeducación religiosa
_94601
700 _aLotz, Philip Henry
_920695
942 _cBK
999 _c17056
_d17056